000 00355nam a2200145Ia 4500
008 191201s2004 xx 000 0 und d
082 _a004.256
_bBLD
100 _aBLACK, Uyless D
245 0 _aData Communications and Distributed Networks
250 _a3rd
260 _aN.Delhi
_bPHI
_c2004
300 _a426
650 _aB.Tech(CSE)
942 _2ddc
_cBK
999 _c1158
_d1158